Funktionen der Intonation im Deutschen
Cieľom tohto príspevku je poukázať na nevyhnutnosť zvládnuť artikulačné a suprasegmentálne fenomény nemeckého jazyka, aby sa zabezpečila nerušená a zrozumiteľná ústna komunikácia. Nemčina má charakteristické rysy hovoreného jazyka, ktoré ho odlišujú od ostatných jazykov. Príspevok chce poukázať na t...
Na minha lista:
| Autor principal: | |
|---|---|
| Formato: | Capítulo de Livro |
| Idioma: | alemão |
| Assuntos: | |
| Tags: |
Sem tags, seja o primeiro a adicionar uma tag!
|
MARC
| LEADER | 00000naa$a2200000$$$4500 | ||
|---|---|---|---|
| 001 | 0267839 | ||
| 005 | 20240502074212.6 | ||
| 041 | 0 | |a ger | |
| 044 | |a SK | ||
| 245 | 1 | 0 | |a Funktionen der Intonation im Deutschen |c Silvia Adamcová |
| 520 | |a Cieľom tohto príspevku je poukázať na nevyhnutnosť zvládnuť artikulačné a suprasegmentálne fenomény nemeckého jazyka, aby sa zabezpečila nerušená a zrozumiteľná ústna komunikácia. Nemčina má charakteristické rysy hovoreného jazyka, ktoré ho odlišujú od ostatných jazykov. Príspevok chce poukázať na tieto špecifiká. | ||
| 610 | 2 | 0 | |a nemčina |
| 610 | 2 | 0 | |a fonetika |
| 610 | 2 | 0 | |a ortoepia |
| 610 | 2 | 0 | |a výslovnosť |
| 610 | 2 | 0 | |a komunikácia |
| 100 | 1 | |a Adamcová, Silvia, 1984- | |